Accounting theory: a conceptual and institutional approach. Instructor's manual
Tallennettuna:
| Päätekijät: | , , |
|---|---|
| Aineistotyyppi: | Kirja |
| Kieli: | englanti |
| Julkaistu: |
Belmont
Kent Publishing Co
1984
|
| Aiheet: | |
| Tagit: |
Lisää tagi
Ei tageja, Lisää ensimmäinen tagi!
|
MARC
| LEADER | 00000nam a2200000 a 4500 | ||
|---|---|---|---|
| 001 | UCQ0286 | ||
| 003 | CL-VaPUC | ||
| 008 | 980627e19840000US |||||||||||||||||eng|d | ||
| 082 | 0 | 4 | |a 657 |b WOL |2 21 |
| 100 | 0 | |a Wolk, Harry I |e author |9 413459 | |
| 700 | 0 | |a Francis, Jere R |e author |9 413460 | |
| 700 | 0 | |a Tearney, Michael G |e author |9 413461 | |
| 245 | 1 | 0 | |a Accounting theory: a conceptual and institutional approach. Instructor's manual |
| 300 | |a 136 p | ||
| 942 | |c BK | ||
| 945 | |d 19980627 00:00:00 |a cmena | ||
| 260 | |a Belmont |b Kent Publishing Co |c 1984 | ||
| 650 | 0 | |a Contabilidad |9 261430 | |
| 650 | 0 | |a Costos |9 261063 | |
| 650 | 0 | |a Estados de cuentas |9 352305 | |
| 650 | 0 | |a Administración financiera |9 261146 | |
| 650 | 0 | |a Métodos de enseñanza |9 270413 | |
| 583 | |a last modification |c 19980627 00:00:00 |k Rodrigo Vera | ||
| 999 | |c 271425 |d 271423 | ||
| 952 | |0 0 |1 0 |4 0 |6 657_000000000000000_WOL_1984 |7 0 |8 P |9 306074 |a BIBGIM |b BIBGIM |d 2019-11-20 |i 1428004 |o 657 WOL 1984 |p 1428004 |r 2025-01-15 |w 2019-11-20 |y BK |k COM | ||